| 000 | 00652nam a2200217 a 4500 | ||
|---|---|---|---|
| 001 | BRCA_5777 | ||
| 005 | 20190320205218.0 | ||
| 008 | 090311t1927----gw-a#####e---#000-0#eng-# | ||
| 041 | _aeng | ||
| 044 | _agw | ||
| 050 | 4 |
_aTS1309 _b.F54 _c1927 |
|
| 100 | 1 |
_aFlemming, Ernst. _914656 |
|
| 245 | 1 | 0 | _aAn Encyclopedia of Textiles from the Earlist times to the Beginning of the 19th. Century. |
| 260 |
_aAlemania _bErnst Wasmuth _c1927 |
||
| 300 |
_a37 p. _bils.,(algunas a color) 320 láminas. _c33 cm. |
||
| 500 | _aCamiseta rota. | ||
| 500 | _aH78 | ||
| 650 | 1 | 4 |
_aTextiles. _zAlemania _vEnciclopedia _zAlemania _914657 |
| 902 | _aGFM | ||
| 942 |
_2lcc _cB |
||
| 999 |
_c5466 _d5466 |
||